| 000 | 00628nam a2200217 a 4500 | ||
|---|---|---|---|
| 005 | 20240911064741.0 | ||
| 008 | 991125m19901998mx 000 0 spa u | ||
| 020 | _a9682311055 | ||
| 035 | _aUPN01000011155 | ||
| 049 | _aCG | ||
| 050 | 4 |
_aHX39.53 _bA5.28 1990 |
|
| 100 | 1 |
_aAnderson, Perry, _d1938- _928726 |
|
| 245 | 1 | 0 |
_aConsideraciones sobre el marxismo occidental / _cPerry Anderson ; tr. Néstor Míguez. |
| 250 | _a8a ed. | ||
| 260 |
_aMéxico : _bSiglo XXI, _c1990 (1998 impr.). |
||
| 300 | _a153 p. | ||
| 440 | 0 | _aTeoría | |
| 650 | 4 |
_aComunismo _96792 |
|
| 650 | 4 |
_aMaterialismo dialéctico _94555 |
|
| 905 | _aLibro | ||
| 999 |
_c11155 _d11155 |
||